Tilastot visalle Maantiedettä kirjaimittain - D

Klikkaa tästä pelataksesi tätä visaa!

Yleistilastot

  • Tätä visaa on pelattu 627 kertaa
  • Keskiarvotulos 11 / 20

Vastaustilastot

VihjeVastaus% Oikein
Intian väkirikkain kaupunkiDelhi
97%
Irlannin pääkaupunkiDublin
96%
Saksa saksaksiDeutschland
88%
Maailman korkein rakennus sijaitsee tässä kaupungissaDubai
83%
Djiboutin pääkaupunkiDjibouti
73%
Vanhin Yhdysvaltain osavaltioDelaware
72%
Venäjän parlamentin lyhyt nimiDuuma
70%
Bangladeshin pääkaupunkiDhaka
62%
Kiovan halki virtaava jokiDnepr
58%
Valtio Pienillä AntilleillaDominica
54%
Vuonna 1945 raskaasti pommitettu kaupunki SaksassaDresden
51%
Yksi maailman vanhimmista kaupungeistaDamaskos
44%
Valkoisista kallioistaan tunnettu Englannin kaupunkiDover
41%
Historiallinen alue Kroatian rannikollaDalmatia
40%
Aiemmin nimellä Mount McKinley tunnettu Pohjois-Amerikan korkein vuoriDenali
37%
Etelä-Afrikan kolmanneksi suurin kaupunkiDurban
30%
Hindujen tärkeä valojen juhlaDiwali
26%
Myös nimellä Väinänlinna tunnettu kaupunki LatviassaDaugavpils
22%
Balin suurin kaupunkiDenpasar
22%
Portossa Atlanttiin laskeva suuri jokiDuero
15%

Tulosjakauma

Persentiili vastausten määrän mukaan

Jokaisen tuloksen saaneiden osuus

Tuloshistoriasi

Et ole pelannut tätä visaa